Dokumentarische Texte der Berliner Papyrussammlung aus ptolemäischer und römischer Zeit : zur Wiedereröffnung des Neuen Museums /

محفوظ في:

مؤلفون آخرون: Reiter, Fabian

التنسيق: كتاب

اللغة: German

منشور في: Berlin : De Gruyter, 2014.

سلاسل: Berliner Griechische Urkunden ; 20.
BGU ; 20.

الموضوعات:

الوسوم: إضافة وسم

لا توجد وسوم, كن أول من يضع وسما على هذه التسجيلة!

رقم الطلب: DT43 .B5 v.20

LEADER 01264namaa2200313 4500
001 23833
003 OSt
005 20211218080441.0
008 130303s2014 gw a g 000 0 ger d
952 |0 0  |1 0  |2 lcc  |3 V.20  |4 0  |6 DT0043 B5 V.00020  |7 1  |9 23869  |a ARCE  |b ARCE  |d 2021-12-18  |l 0  |o DT43 .B5 v.20  |p 1005591  |r 2021-12-18 00:00:00  |w 2021-12-18  |y BK 
999 |c 22635  |d 22635 
020 |a 9783110228809 
040 |c ARCE Library 
043 |a e-gx--- 
050 4 |a DT43 .B5 v.20 
245 0 0 |a Dokumentarische Texte der Berliner Papyrussammlung aus ptolemäischer und römischer Zeit :   |b zur Wiedereröffnung des Neuen Museums /   |c herausgegeben von Fabian Reiter ; [Ägyptisches Museum und Papyrussammlung, Staatliche Museen zu Berlin].  |h   
264 1 |a Berlin :   |b De Gruyter,   |c 2014. 
300 |a ix, 299 pages, 38 pages of plates :   |b illustrations ;   |c 25 cm. 
490 1 |a Berliner Griechische Urkunden ;   |v 20. 
490 1 |a BGU ;   |v 20. 
500 |a Source materials.  
555 |a Omnia 
610 2 0 |a Ägyptisches Museum und Papyrussammlung (Berlin, Germany)  
650 0 |a Manuscripts, Greek (Papyri)  |z Germany  |z Berlin. 
700 1 |a Reiter, Fabian, 
830 0 |a Berliner Griechische Urkunden ;   |v 20. 
830 0 |a BGU ;   |v 20. 
901 |a reviewed 
942 |c BK  |2 lcc